000 00322nam a22001337a 4500
999 _c8033
_d8033
003 OSt
005 20200619155120.0
008 200619b ||||| |||| 00| 0 eng d
020 _a9787561177679
082 _a372
245 _aScience and Research Building
260 _b Dalian University of Technology Press
942 _2ddc